Loghi che rivelano Loghi #1 - Statistics

Statistiche generali
  • Questo quiz è stato fatto 4.207 volte
  • Il punteggio medio è 15 su 21
Risposte nella Mappa
Le risposte nella mappa del quiz sottostante sono codificate secondo una scala di colori dal rosso al verde in base alla % di persone che hanno risposto correttamente.
 
Statistiche sulle risposte
Risposta % Corretto
Amazon
100%
Apple
100%
Microsoft
98%
Coca-Cola
96%
Nintendo
94%
Levi's
93%
Xbox
92%
Pepsi
91%
Spotify
90%
Michelin
77%
New Balance
77%
Tommy Hilfiger
75%
Internet Explorer
71%
Motorola
68%
Monopoli
61%
Pizza Hut
54%
Under Armour
42%
JetPunk
32%
NBC
20%
BP
16%
Baskin Robbins
10%
Nessun quiz corrispondente trovato
Distribuzione punteggi
Percentuale di utenti per punteggio
Percentile per numero di risposta
I tuoi punteggi nel tempo
Non hai fatto questo quiz